书目信息 |
| 题名: |
南极考察记
|
|
| 作者: | 张青松 著 | |
| 分册: | ||
| 出版信息: | 北京 知识出版社 1981 |
|
| 页数: | 121页 | |
| 开本: | 19cm | |
| 丛书名: | ||
| 单 册: | ||
| 中图分类: | P941.61 | |
| 科图分类: | ||
| 主题词: | 区域地理学:自然地理学 | |
| 电子资源: | ||
| ISBN: | ||
| 000 | 00568nam0 2200229 45 980 | |
| 001 | 0634282613 | |
| 005 | 20060816150857.21 | |
| 010 | @dCNY0.44 | |
| 100 | @a19980610 m 0 | |
| 101 | 0 | @achi |
| 102 | @aCN@b110000 | |
| 105 | @ay 000yy | |
| 106 | @ar | |
| 200 | 10 | @a南极考察记@Anan ji kao cha ji@f张青松著 |
| 210 | @a北京@c知识出版社@d1981 | |
| 215 | @a121页@d19cm | |
| 606 | 0 | @a区域地理学:自然地理学 |
| 607 | @a南极 | |
| 690 | @aP941.61@v3 | |
| 701 | 0 | @a张青松@4著@Azhang qing song |
| 801 | 0 | @aCN@b上海图书馆 @c20060816 |
| 905 | @a10447@dP941.61@e95 | |
| 南极考察记/张青松著 .-北京:知识出版社,1981 |
| 121页;19cm |
| ISBN :CNY0.44 |
| ● |
| 相关链接 |
|
|
|
|
正题名:南极考察记
索取号:P941.61/95
 
预约/预借
| 序号 | 登录号 | 条形码 | 馆藏地/架位号 | 状态 | 备注 |
| 1 | 0439092 | 204390925 | 密集书库/ [索取号:P941.61/95] | 在馆 | |
| 2 | 0452032 | 204520321 | 密集书库/ [索取号:P941.61/95] | 在馆 | |
| 3 | 0458721 | 204587214 | 密集书库/ [索取号:P941.61/95] | 在馆 |